Vědeckotechnický rozvoj a vnější ekonomické vzťahy čs. ekonomiky Systém, prognóza, řízení

Na minha lista:
Detalhes bibliográficos
Autor principal: Čížkovský, Milan
Formato: Livro
Idioma:tcheco
Publicado em: Praha Academia 1991
Edição:1. vyd.
Colecção:Studie ČSAV Č.2
Assuntos:
Tags: Adicionar Tag
Sem tags, seja o primeiro a adicionar uma tag!

MARC

LEADER 00000nam a2200000 4500
001 c000483
005 20221214095152.8
020 |a 80-200-0109-3 
041 0 |a cze 
044 |a CZ 
245 1 0 |a Vědeckotechnický rozvoj a vnější ekonomické vzťahy čs. ekonomiky  |b Systém, prognóza, řízení  |c Milan Čížkovský 
250 |a 1. vyd. 
264 1 |a Praha  |b Academia  |c 1991 
300 |a 133 s. 
490 1 |a Studie ČSAV  |v Č.2 
830 0 |a Studie ČSAV  |v Č.2 
610 2 0 |a rozvoj vedeckotechnický 
610 2 0 |a vzťahy hospodárske medzinárodné 
610 2 0 |a prognózy 
610 2 0 |a riadenie 
610 2 0 |a ČSFR 
610 2 0 |a hospodárstvo národné 
610 2 0 |a výhody komparatívne 
100 1 |a Čížkovský, Milan